000 00648nam a22002417a 4500
003 UA-OsUOA
001 127430
007 ta
008 20171129b un ||||| |||| 00| 0 ukr d
100 _aІов І. П.
090 _a821.161.2
_bИ99
942 _cBK
040 _aUA-OsUOA
_bukr
_cUA-OsUOA
_dUA-OsUOA
245 _aКнига перша
_bбалади, поеми
300 _a175 с.
955 _a3
041 _aukr
080 _a821.161.2
020 _a5-87174-002-2
260 _aХмельницький
_bПоділля
_c1991
650 7 _a82 Література. Літературознавство
_2UDC
999 _c414576
_d414576